000
00263nam a2200109Ia 4500
005
20251222155151.0
008
251222s9999||||xx |||||||||||||| ||spa||
082
_a
EPI.35
245
0
_a
Plan estratégico multisectorial 2007 - 2001
264
_b
Minsa
942
_c
LIB
999
_c
39570
_d
39570